=LDR 00000nam 2200000 4500 =001 INLIS000000000030251 =005 20130612132419 =008 ***********************************Ind** =035 ##$$0010-061300000030251 =041 ##$$a Ind =082 ##$$a 618.2 =090 ##$$a 618.2, Sol, p =100 ##$$a SOLIHIN, Lutfiatus =245 ##$$a Panduan Lengkap Hamil Sehat, Lutfiatul Solihin =250 ##$$a Cet.X =260 ##$$a 2008 $b Jogyakarata =300 ##$$a 239 ghlm., ilus., 21 cm =650 ##$$a Hamil-Kesehatan =850 ##$$a NBPNMAT